Szczegóły MARC21

The Times atlas of world history /

001 -Numer Kontrolny Rekordu [,]
    • @
    • pole kontrolne
    • xx002967528
003 -Nazwa instytucji, której n kontrolny jest w polu 001 [,]
    • @
    • Nazwa instytucji, której n kontrolny jest w polu 001
    • NUKAT
005 -DATA I CZAS OSTATNIEJ MODYFIKACJI [,]
    • @
    • pole kontrolne
    • 20260407152454.0
007 -Forma fizyczna dok. kartograficznego/obrazu teledetekcyjnego [,]
    • @
    • Dane kontrolne - forma fizyczna
    • ad can|n
008 -ELEMENTY DANYCH STAŁEJ DŁUGOŚCI [,]
    • @
    • pole kontrolne
    • 131122s1989 xxk e | 1 eng c
020 -Międzynarodowy znormalizowany numer książki - ISBN [ , ]
    • a
    • Numer ISBN
    • 0723003041 Find
034 -Zakodowane dane matematyczne [1, ]
    • a
    • Kod miary skali
    • a
040 -Instytucja sporządzająca opis [ , ]
    • a
    • Instytucja, która sporządziła opis (NP)
    • GD U/AJU
    • c
    • Instytucja, która sporządziła rekord (NP)
    • GD U/AJU
942 -Rodzaj dokumentu [ , ]
    • c
    • Rodzaj dokumentu
    • Kartografia-mapy,atlasy
245 -Strefa tytułu i oznaczenia odpowiedzialności [0,4]
    • a
    • Tytuł
    • The Times atlas of world history / Find
    • c
    • Pozostałe elementy strefy tytułu i oznaczenia odpowiedzialności (NP)
    • ed. by Geoffrey Barraclough.
246 -Wariant tytułu [3,0]
    • a
    • Tytuł (NP)
    • Atlas of world history Find
250 -Strefa wydania [ , ]
    • a
    • Oznaczenie wydania (NP)
    • 3rd ed. /
    • b
    • Ciąg dalszy strefy wydania (NP)
    • ed. by Norman Stone.
255 -Strefa danych matematycznych [ , ]
    • a
    • Strefa danych matematycznych
    • Skale różne.
260 -Strefa adresu wydawniczego [ , ]
    • a
    • Miejsce wydania (P)
    • London :
    • b
    • Nazwa wydawcy (P)
    • Times Books,
    • c
    • Data wydania (P)
    • 1989.
300 -Strefa opisu fizycznego [ , ]
    • a
    • Określenie formy książki i/lub objętość (NP)
    • 1 atlas (358 s.) :
    • b
    • Oznaczenie ilustracji (NP)
    • mapy kolor., il. kolor. ;
    • c
    • Format (NP)
    • 37 cm.
336 -Typ zawartości [ , ]
    • a
    • Termin opisujący typ zawartości
    • Mapa 2D
    • b
    • Kod określający zawartość
    • cri
    • 2
    • Źródło
    • rdacontent
337 -Typ medium [ , ]
    • a
    • Tryb odtwarzania
    • Bez urządzenia pośredniczącego
    • b
    • Kod typu mediów
    • n
    • 2
    • Źródło (termin i kod)
    • rdamedia
338 -Typ nośnika [ , ]
    • a
    • Termin określający typ nośnika
    • Wolumin
    • b
    • Kod określający typ nośnika
    • nb
    • 2
    • Źródło (termin i kod)
    • rdacarrier
380 -Deskryptor - Forma dzieła (P) [ , ]
    • a
    • forma dzieła (NP)
    • Mapy
388 -Deskryptor - czas powstania dzieła (P) [1, ]
    • a
    • Czas powstania dzieła (NP)
    • 1901-2000
388 -Deskryptor - czas powstania dzieła (P) [1, ]
    • a
    • Czas powstania dzieła (NP)
    • 1945-1989
500 -Uwaga ogólna [ , ]
    • a
    • Uwaga ogólna (NP)
    • Zawiera słownik biograficzny.
504 -Uwaga dot. bibliografii załącznikowej [ , ]
    • a
    • Uwaga dot. bibliografii załącznikowej
    • Indeks nazw geogr., bibliogr.
648 -Hasło przedmiotowe - chronologia [ ,7]
    • a
    • Deskryptor chronologiczny
    • 1001-1100
    • 2
    • Źródło terminu
    • DBN
    • 9
    • KHW
    • 722280
648 -Hasło przedmiotowe - chronologia [ ,7]
    • a
    • Deskryptor chronologiczny
    • 100-1 p.n.e.
    • 2
    • Źródło terminu
    • DBN
    • 9
    • KHW
    • 722285
648 -Hasło przedmiotowe - chronologia [ ,7]
    • a
    • Deskryptor chronologiczny
    • 101-200
    • 2
    • Źródło terminu
    • DBN
    • 9
    • KHW
    • 722287
648 -Hasło przedmiotowe - chronologia [ ,7]
    • a
    • Deskryptor chronologiczny
    • 1-100
    • 2
    • Źródło terminu
    • DBN
    • 9
    • KHW
    • 722286
648 -Hasło przedmiotowe - chronologia [ ,7]
    • a
    • Deskryptor chronologiczny
    • 1101-1200
    • 2
    • Źródło terminu
    • DBN
    • 9
    • KHW
    • 722281
648 -Hasło przedmiotowe - chronologia [ ,7]
    • a
    • Deskryptor chronologiczny
    • 1201-1300
    • 2
    • Źródło terminu
    • DBN
    • 9
    • KHW
    • 722282
648 -Hasło przedmiotowe - chronologia [ ,7]
    • a
    • Deskryptor chronologiczny
    • 1301-1400
    • 2
    • Źródło terminu
    • DBN
    • 9
    • KHW
    • 721624
648 -Hasło przedmiotowe - chronologia [ ,7]
    • a
    • Deskryptor chronologiczny
    • 1401-1500
    • 2
    • Źródło terminu
    • DBN
    • 9
    • KHW
    • 720981
648 -Hasło przedmiotowe - chronologia [ ,7]
    • a
    • Deskryptor chronologiczny
    • 1501-1600
    • 2
    • Źródło terminu
    • DBN
    • 9
    • KHW
    • 720979
648 -Hasło przedmiotowe - chronologia [ ,7]
    • a
    • Deskryptor chronologiczny
    • 1601-1700
    • 2
    • Źródło terminu
    • DBN
    • 9
    • KHW
    • 720980
648 -Hasło przedmiotowe - chronologia [ ,7]
    • a
    • Deskryptor chronologiczny
    • 1701-1800
    • 2
    • Źródło terminu
    • DBN
    • 9
    • KHW
    • 720982
648 -Hasło przedmiotowe - chronologia [ ,7]
    • a
    • Deskryptor chronologiczny
    • 1801-1900
    • 2
    • Źródło terminu
    • DBN
    • 9
    • KHW
    • 721135
648 -Hasło przedmiotowe - chronologia [ ,7]
    • a
    • Deskryptor chronologiczny
    • 1901-1914
    • 2
    • Źródło terminu
    • DBN
    • 9
    • KHW
    • 721701
648 -Hasło przedmiotowe - chronologia [ ,7]
    • a
    • Deskryptor chronologiczny
    • 1901-2000
    • 2
    • Źródło terminu
    • DBN
    • 9
    • KHW
    • 721448
648 -Hasło przedmiotowe - chronologia [ ,7]
    • a
    • Deskryptor chronologiczny
    • 1939-1945
    • 2
    • Źródło terminu
    • DBN
    • 9
    • KHW
    • 721730
648 -Hasło przedmiotowe - chronologia [ ,7]
    • a
    • Deskryptor chronologiczny
    • 1945-1989
    • 2
    • Źródło terminu
    • DBN
    • 9
    • KHW
    • 721450
648 -Hasło przedmiotowe - chronologia [ ,7]
    • a
    • Deskryptor chronologiczny
    • 201-300
    • 2
    • Źródło terminu
    • DBN
    • 9
    • KHW
    • 722271
648 -Hasło przedmiotowe - chronologia [ ,7]
    • a
    • Deskryptor chronologiczny
    • 300-201 p.n.e.
    • 2
    • Źródło terminu
    • DBN
    • 9
    • KHW
    • 722283
648 -Hasło przedmiotowe - chronologia [ ,7]
    • a
    • Deskryptor chronologiczny
    • 301-400
    • 2
    • Źródło terminu
    • DBN
    • 9
    • KHW
    • 722272
648 -Hasło przedmiotowe - chronologia [ ,7]
    • a
    • Deskryptor chronologiczny
    • 400-301 p.n.e.
    • 2
    • Źródło terminu
    • DBN
    • 9
    • KHW
    • 722288
648 -Hasło przedmiotowe - chronologia [ ,7]
    • a
    • Deskryptor chronologiczny
    • 500-401 p.n.e.
    • 2
    • Źródło terminu
    • DBN
    • 9
    • KHW
    • 722270
648 -Hasło przedmiotowe - chronologia [ ,7]
    • a
    • Deskryptor chronologiczny
    • 501-600
    • 2
    • Źródło terminu
    • DBN
    • 9
    • KHW
    • 722275
648 -Hasło przedmiotowe - chronologia [ ,7]
    • a
    • Deskryptor chronologiczny
    • 600-501 p.n.e.
    • 2
    • Źródło terminu
    • DBN
    • 9
    • KHW
    • 722269
648 -Hasło przedmiotowe - chronologia [ ,7]
    • a
    • Deskryptor chronologiczny
    • 700-601 p.n.e.
    • 2
    • Źródło terminu
    • DBN
    • 9
    • KHW
    • 722274
648 -Hasło przedmiotowe - chronologia [ ,7]
    • a
    • Deskryptor chronologiczny
    • 800-701 p.n.e.
    • 2
    • Źródło terminu
    • DBN
    • 9
    • KHW
    • 722290
648 -Hasło przedmiotowe - chronologia [ ,7]
    • a
    • Deskryptor chronologiczny
    • 801-900
    • 2
    • Źródło terminu
    • DBN
    • 9
    • KHW
    • 722278
648 -Hasło przedmiotowe - chronologia [ ,7]
    • a
    • Deskryptor chronologiczny
    • 901-1000
    • 2
    • Źródło terminu
    • DBN
    • 9
    • KHW
    • 722279
648 -Hasło przedmiotowe - chronologia [ ,7]
    • a
    • Deskryptor chronologiczny
    • do 801 p.n.e.
    • 2
    • Źródło terminu
    • DBN
    • 9
    • KHW
    • 722289
650 -Hasło przedmiotowe [ ,7]
    • a
    • Hasło przedmiotowe
    • Antropologia fizyczna
    • 9
    • KHW
    • 725582
650 -Hasło przedmiotowe [ ,7]
    • a
    • Hasło przedmiotowe
    • Geografia historyczna
    • 9
    • KHW
    • 723172
650 -Hasło przedmiotowe [ ,7]
    • a
    • Hasło przedmiotowe
    • Historia
    • 9
    • KHW
    • 721264
651 -Hasło przedmiotowe w formie nazwy geograficznej [ ,7]
    • a
    • Nazwa geograficzna
    • Świat
    • 2
    • Źródło terminu
    • DBN
    • 9
    • KHW
    • 721972
655 -Hasło przedmiotowe - forma [ ,7]
    • a
    • Hasło - forma
    • Atlas geograficzny
    • 2
    • Źródło terminu
    • DBN
    • 9
    • KHW
    • 738523
655 -Hasło przedmiotowe - forma [ ,7]
    • a
    • Hasło - forma
    • Atlas historyczny
    • 2
    • Źródło terminu
    • DBN
655 -Hasło przedmiotowe - forma [ ,7]
    • a
    • Hasło - forma
    • Mapa historyczna
    • 2
    • Źródło terminu
    • DBN
655 -Hasło przedmiotowe - forma [ ,7]
    • a
    • Hasło - forma
    • Atlasy historyczne
    • y
    • Określnik chronologiczny
    • 1945-1990.
    • 2
    • Źródło terminu
    • kaba
    • 9
    • KHW
    • 358788
658 -Ujęcie treści [ , ]
    • a
    • dziedzina nauki i sztuki/ sfera aktywności życiowej
    • Etnologia i antropologia kulturowa
658 -Ujęcie treści [ , ]
    • a
    • dziedzina nauki i sztuki/ sfera aktywności życiowej
    • Geografia i nauki o Ziemi
658 -Ujęcie treści [ , ]
    • a
    • dziedzina nauki i sztuki/ sfera aktywności życiowej
    • Historia
700 -Hasło dodatkowe - nazwa osobowa [1, ]
    • a
    • Nazwa osobowa (NP)
    • Barraclough, Geoffrey Find
    • d
    • Daty biograficzne (NP)
    • (1908-1984).
    • e
    • Określenie rodzaju współpracy (NP)
    • Red.
    • 9
    • KHW
    • 346601
700 -Hasło dodatkowe - nazwa osobowa [1, ]
    • a
    • Nazwa osobowa (NP)
    • Stone, Norman Find
    • d
    • Daty biograficzne (NP)
    • (1941-2019).
    • e
    • Określenie rodzaju współpracy (NP)
    • Red.
    • 9
    • KHW
    • 649601
920 -ISBN [ , ]
    • a
    • ISBN
    • 0-7230-0304-1 Find
Akcesja Status udost. Kod kreskowy Sygnatura Data wprowadzenia opisu Numer inwentarzowy Kierowanie Uwagi nie widoczne w OPAC Cena
12005200055513ANG. Atlasy 062017-06-27BC.5551BMR0797529967.20